Quiz wiedzy ogólnej #20 - Statystyki

Ogólne statystyki
  • Ten quiz został rozwiązany 2 099 razy
    2 063 od ostatniego zresetowania
  • Średni wynik to 8 z 20
Statystyki odpowiedzi
Pytanie Odpowiedź % Poprawnych
W którym państwie Ameryki Południowej jest najniższa średnia roczna temperatura? Chile
88%
Co wykonuje i naprawia szewc? Buty
87%
Do której części ciała należy kark? Szyja
85%
Jaki jest wynik działania 12345 + 12345? 24690
81%
Jaki wulkan zniszczył Pompeje? Wezuwiusz
77%
Nazwij jedną z dwóch dzielnic Warszawy, które dzielą swój pierwszy człon nazwy ze stolicą Czech. Praga Południe | Praga Północ
70%
W jakim filmie główny bohater wyginał się do tyłu, unikając kul, jakby poruszał się w zwolnionym tempie? Matrix
59%
Jaki tytuł zyskuje osoba, która zostaje pasowana na rycerza w Wielkiej Brytanii? Sir albo Dame
50%
Jaki instrument dęty drewniany zaczyna się na literę O? Obój
41%
Jaką karę papież wymierzył Henrykowi VIII oraz Marcinowi Lutrowi? Ekskomunika
29%
Kto zbudował mur dzielący Szkocję i Anglię? Hadrian
25%
Kto był następcą Władysława II Jagiełło na tronie króla Polski? Władysław III Warneńczyk
24%
Jak nazywa się mistrz świata w szachach z lat 1972-75? Bobby Fischer
17%
Jaka główna linia uskoku przebiega przez Kalifornię? San Andreas
17%
Kto wystąpił w filmach "Caddyshack", "Ghostbusters" i "Lost in Translation"? Bill Murray
11%
Który król został ścięty podczas angielskiej wojny domowej? Karol I
9%
Jak inaczej można nazwać róg obfitości? Róg {dobrobytu}
9%
Zoologia to nauka o zwierzętach. Czym jest owologia? Nauka o {jajkach}
8%
U2 jest zespołem. Czym jest U-2? Samolotem
8%
Kto napisał musicale "Jesus Christ Superstar" i "Evita"? Andrew Lloyd Webber
5%
Nie znaleziono quizów pasujących do podanych kryteriów
Rozkład punktacji
Procent ludzi z każdym wynikiem
Percentyl według liczby udzielonych odpowiedzi
Twoja historia wyników
Nie rozwiązałeś tego quizu od ostatniego zresetowania